| 000 -LEADER |
| fixed length control field |
00683nam a2200217 a 4500 |
| 001 - CONTROL NUMBER |
| control field |
17970 |
| 003 - CONTROL NUMBER IDENTIFIER |
| control field |
BD-DhUAP |
| 005 - DATE AND TIME OF LATEST TRANSACTION |
| control field |
20200312123929.0 |
| 008 - FIXED-LENGTH DATA ELEMENTS--GENERAL INFORMATION |
| fixed length control field |
200308s1999 enk| d 00| 0 eng d |
| 020 ## - INTERNATIONAL STANDARD BOOK NUMBER |
| International Standard Book Number |
9780140513639 |
| 040 ## - CATALOGING SOURCE |
| Original cataloging agency |
DLC |
| Transcribing agency |
DLC |
| Modifying agency |
BD-DhUAP |
| Language of cataloging |
eng |
| 082 00 - DEWEY DECIMAL CLASSIFICATION NUMBER |
| Edition number |
23 |
| Classification number |
803 PEN |
| 245 ## - TITLE STATEMENT |
| Title |
The Penguin dictionary of literary terms and literary theory / |
| Statement of responsibility, etc. |
Edited by J. A. Cuddon ; revised by C. E. Preston. |
| 260 ## - PUBLICATION, DISTRIBUTION, ETC. |
| Place of publication, distribution, etc. |
London : |
| Name of publisher, distributor, etc. |
Penguin books, |
| Date of publication, distribution, etc. |
c1999. |
| 300 ## - PHYSICAL DESCRIPTION |
| Extent |
xix, 991 pages ; |
| Dimensions |
21 cm. |
| 650 ## - SUBJECT ADDED ENTRY--TOPICAL TERM |
| Topical term or geographic name entry element |
Literature Criticism. |
| Form subdivision |
Dictionary. |
| 700 ## - ADDED ENTRY--PERSONAL NAME |
| Personal name |
Cuddon, J. A. |
| 700 ## - ADDED ENTRY--PERSONAL NAME |
| Personal name |
Preston, C. E. |
| 942 ## - ADDED ENTRY ELEMENTS (KOHA) |
| Source of classification or shelving scheme |
|
| Koha item type |
Reference |